00575cam a2200169ua 45000010005000000080039000050200018000440400009000620820010000711000029000812450107001102500010002172600052002273000023002796530014003026530089003161943110806n ii |||gr||||Z||||||eng a0-7069-9137-0 cMAIN a370.1 aAgarwal, J. C.,eAuthor.1 aTheory and principles of education philosophical and sociological bases of educationcby J. C. Agarwal a10th. aNew Delhi:bVikas publishing houe pvt. ltd,996. aviii; 440p:c23cm. aEducation aTheory and principles of education philosophical and sociological bases of education